Aplikácie TL modelov = Applications of Transmission Line Models
Guardado en:
| Autor principal: | |
|---|---|
| Otros Autores: | , |
| Formato: | Manuscrito Libro |
| Lenguaje: | eslovaco |
| Publicado: |
Bratislava :
STU v Bratislave FEI,
2007
|
| Materias: | |
| Etiquetas: |
Sin Etiquetas, Sea el primero en etiquetar este registro!
|
MARC
| LEADER | 00000ntm a22000003a 4500 | ||
|---|---|---|---|
| 001 | stu145447 | ||
| 005 | 20160719165041.3 | ||
| 008 | 070917s2007------------------------slo-d | ||
| 040 | |a STU |b slo | ||
| 041 | 0 | |a slo | |
| 100 | 1 | |a Lenčéš, Marek |4 aut | |
| 245 | 1 | |a Aplikácie TL modelov = Applications of Transmission Line Models | |
| 260 | |a Bratislava : |b STU v Bratislave FEI, |c 2007 | ||
| 300 | |a 83 s | ||
| 650 | 7 | |a Rádioelektronika |2 stusub | |
| 650 | 7 | |a prenosové vedenia |2 stusub | |
| 650 | 7 | |a prenosové systémy |2 stusub | |
| 700 | 1 | |a Križanová, Anna |4 ths | |
| 700 | 1 | |a Cocherová, Elena, |d 1970- |4 ths |u E030 |U FEI Fakulta elektrotechniky a informatiky |T FEI Ústav elektroniky a fotoniky |X 1900 |U E030 |Y 549 |7 A000001900 | |